000 00447nam a2200181Ia 4500
003 GCL
008 140319s9999 xx 000 0 eng d
040 _aGCL /
_cGCL
082 0 4 _aCH
_b034
_bL M
100 1 _aLAROUSSE
245 1 0 _aMEMO - BENJAMIN /
_cLAROUSSE
260 _a[S.N] :
_bLAROUSSE ،
_c1991
300 _a191 PP
650 0 4 _aFRENCH LANGUAGE
650 0 4 _aCHILDREN
650 0 4 _aENCYCLOPEDIAS AND DICTIONARIES
942 _2ddc
_cBK
999 _c11799
_d11799